| 000 | 01119nam a2200289 a 4500 | ||
|---|---|---|---|
| 001 | 000016208 | ||
| 005 | 20240527200609.0 | ||
| 008 | 100301s2002 dr 001 0 spa d | ||
| 040 |
_aDO-SdBNP _bspa _cBNPHU |
||
| 082 |
_a344.018914 _bM778b |
||
| 100 | 1 |
_aMontero, Ramón E. _98320 |
|
| 245 | 1 | 0 |
_aBreves apuntes sobre la conciliación en materia laboral / _cRamón E. Montero ; presentación Joaquín Luciano. |
| 260 |
_aSanto Domingo : _bCenterio, _c2002. |
||
| 300 |
_a104 p. ; _c21 cm. |
||
| 490 | 1 | _aEstudios González Montero & Vásquez | |
| 500 | _aIncluye datos biográficos del autor en la contracubierta. | ||
| 504 | _aIncluye bibliografía y notas al pie de páginas. | ||
| 504 | _aBibliografía: p.103-104. | ||
| 590 | _aInventariado, 2018/VM | ||
| 650 | 4 |
_aConciliación industrial _936251 |
|
| 650 | 4 |
_aArbitramento laborl _936252 |
|
| 650 | 0 |
_aRelaciones industriales _927578 |
|
| 650 | 4 |
_aDerecho laboral _zRepública Dominicana _97337 |
|
| 700 | 1 |
_aLuciano, Joaquín, _epresent. _936253 |
|
| 830 | 0 |
_aEstudios González Montero & Vásquez _936254 |
|
| 910 | _aValidado. Control de calidad EMS. | ||
| 999 |
_c15746 _d15746 |
||